000
00323nam a2200133Ia 4500
005
20260328104316.0
008
260328s9999||||xx |||||||||||||| ||und||
100
_a
Taylor, James
245
0
_a
Sustainable Urban Landscapes /
_c
James Taylor
260
_b
Foundation
300
_a
95 p.
650
_a
URBANISMO
942
_c
BK
999
_c
11146
_d
11146